Statistics for Country Quizzes I Have Passed

Click here to take the quiz!

General Stats

  • This quiz has been taken 4 times
    (2 since last reset)
  • The average score is 8 of 18

Answer Stats

Quiz% Correct
Canada
100%
Mexico
100%
Bangladesh
50%
China
50%
Greenland
50%
India
50%
Japan
50%
Nepal
50%
North Korea
50%
Pakistan
50%
Qatar
50%
United States
50%
Vatican City
50%
Belarus
0%
Cambodia
0%
Kazakhstan
0%
Malta
0%
Ukraine
0%

Score Distribution

Percentile by Number Answered

Percent of People with Each Score

Your Score History

You have not taken this quiz since the last reset